| 000 | 00690 a2200205 4500 | ||
|---|---|---|---|
| 020 | _a0070487782 | ||
| 040 | _aDLC | ||
| 082 | 0 | 0 | _a338.52 |
| 100 | 1 | _aPashigian, B. Peter | |
| 245 | 1 | 0 |
_aPrice theory and applications _cB. Peter Pashigian. |
| 250 | _a2nd ed. | ||
| 260 |
_aBoston, Mass. : _bIrwin/McGraw-Hill, _cc1998. |
||
| 300 |
_axxii, 762 p. : _bcol. ill. ; _c25 cm. |
||
| 500 | _a"International edition"--T.p. verso. | ||
| 650 | 0 | _aMicroeconomics. | |
| 650 | 0 | _aPrices. | |
| 856 | 4 | 2 |
_3Publisher description _uhttp://www.loc.gov/catdir/description/mh022/97001282.html |
| 856 | 4 | 2 |
_3Table of contents _uhttp://www.loc.gov/catdir/toc/mh022/97001282.html |
| 942 |
_cBK _k338.52 PAS _2ddc |
||
| 999 |
_c7281 _d7281 |
||